Integracija stran SEV v agropromyšlennoj sfere etapy i perspektivy razvitija
Na minha lista:
| Autor principal: | |
|---|---|
| Formato: | Livro |
| Idioma: | russo |
| Publicado em: |
Moskva
Nauka
1986
|
| Tags: |
Sem tags, seja o primeiro a adicionar uma tag!
|
MARC
| LEADER | 00000nam a2200000 4500 | ||
|---|---|---|---|
| 001 | c106159 | ||
| 005 | 20230223114848.7 | ||
| 041 | 0 | |a rus | |
| 044 | |a RU | ||
| 245 | 1 | 0 | |a Integracija stran SEV v agropromyšlennoj sfere |b etapy i perspektivy razvitija |c Boris Jefimovič Frumkin |
| 264 | 1 | |a Moskva |b Nauka |c 1986 | |
| 300 | |a 144 s. | ||
| 100 | 1 | |a Frumkin, Boris Jefimovič | |